000 00660nam a2200277Ia 4500
005 20260324135329.0
008 008 260324s9999 xx 000 0 eng d
020 _a9781315500539
037 _aEBOOK
040 _aCRL
040 _beng
040 _cCRL
041 _2eng
041 _aeng
084 _qCRL
100 _aLiu Guoguang
_91200205
245 0 _aEconomics Blue Book of the People's Republic of China, 1999
260 _bTaylor and Francis
260 _c2000
365 _a
365 _b170
856 _uhttp://www.taylorfrancis.com/books/9781315500539
942 _cEBOOK
999 _c1801138
_d1801138